Loading...
History - World History | 0 | 6 | 0 | 1 | 60 | 29 | 52.00 | 1 | 4 |
Current Events | 0 | 5 | 0 | 1 | 50 | 36 | 51.60 | 0 | 4 |
History - European History | 0 | 5 | 0 | 0 | 50 | 17 | 61.20 | 0 | 3 |
History - American History | 0 | 4 | 1 | 0 | 35 | 14 | 29.50 | 2 | 3 |
Philosophy | 0 | 3 | 0 | 1 | 30 | 28 | 76.33 | 1 | 2 |
History - Other History | 0 | 3 | 0 | 0 | 30 | 47 | 74.33 | 0 | 2 |
Social Science | 0 | 2 | 0 | 0 | 20 | 69 | 79.00 | 0 | 1 |
Fine Arts - Other Fine Arts | 0 | 2 | 0 | 0 | 20 | 29 | 67.00 | 0 | 1 |
Literature - American Literature | 0 | 2 | 0 | 1 | 20 | 80 | 89.00 | 0 | 1 |
Literature - British Literature | 0 | 2 | 0 | 0 | 20 | 73 | 87.00 | 0 | 0 |
Literature - World Literature | 0 | 2 | 0 | 0 | 20 | 67 | 75.50 | 0 | 2 |
Pop Culture | 0 | 2 | 0 | 1 | 20 | 32 | 73.00 | 1 | 1 |
Science - Physics | 0 | 2 | 1 | 1 | 15 | 89 | 95.50 | 0 | 0 |
Literature - European Literature | 0 | 1 | 0 | 0 | 10 | 105 | 105.00 | 0 | 0 |
Geography | 0 | 1 | 0 | 0 | 10 | 73 | 73.00 | 0 | 1 |
Science - Chemistry | 0 | 1 | 0 | 0 | 10 | 38 | 38.00 | 0 | 1 |
Painting/Sculpture | 0 | 1 | 0 | 0 | 10 | 65 | 65.00 | 0 | 0 |
Science - Biology | 0 | 0 | 1 | 0 | -5 | 0.00 | 0 | 0 |